| 000 | 01274nam0a22002651 4500 | ||
|---|---|---|---|
| 001 | rc\881703 | ||
| 005 | 20250622030532.0 | ||
| 035 | _a(NLR Aleph) 006059285 | ||
| 090 |
_a4891577 _c4891577 |
||
| 100 | _a20041129d1983 |||y0rusy50 ca | ||
| 101 | 0 | _arus | |
| 102 | _aRU | ||
| 105 | _aa ||||||||| | ||
| 200 | 1 |
_aВопросы подъема и центровки труб при ремонте нефтепроводов _f[Гумеров А.Г., Мавлютов Р.М., Азметов Х.А. и др.] |
|
| 210 |
_aМ. _cВНИИОЭНГ _d1983 |
||
| 215 |
_a50 с. _cил. _d20 |
||
| 225 | 1 |
_aНефтяная промышленность _iСерия "Транспортировка и хранение нефти и нефтепродуктов" _eОбзор. информ. по основным направлениям развития отрасли _fВНИИ орг., упр. и экономики нефтегазовой пром-сти _vВып. 10 (44) |
|
| 300 | _aВ надзаг. также: М-во нефт. пром-сти | ||
| 320 | _aБиблиогр.: с. 48 | ||
| 701 | 1 |
_aГумеров _bА.Г. _gАсгат Галимьянович |
|
| 801 | 0 |
_aRU _bNLR _gpsbo |
|
| 801 | 1 |
_aRU _bELAR _2rusmarc |
|
| 852 |
_aNLR _jП10/5854 |
||
| 942 | _cBOOK | ||
| 980 | _aNB | ||